000 00754nam a2200217Ii 4500
003 JO-AjNU
008 230605s9999||||xx |||||||||||||| ||und||
017 _a2018/9/4796
020 _a978-9957-687-75-5
040 _aJO-AjNU
_bara
_erda
_cJO-AjNU
041 _aara
050 1 4 _aBF636.6.A4553 2020
100 3 _aناصر ، ناصر حسين ,
_eauthor
_961016
245 0 0 _aتقنيات العلاج في علم النفس الإرشادي
264 3 1 _aعمان: دار صفاء للنشر والتوزيع، 2020
300 _a428ص
336 _atext
_btxt
_2rdacontent
337 _aunmediated
_bn
_2rdamedia
338 _avolume
_bnc
_2rdacarrier
650 4 _aاللشخصية- العلاج النفسي- الإرشاد النفسي
_961017
999 _aA27554
_c31122
_d31122